Central Library OPAC University of Rajshahi

Folktales of Norway / (Record no. 7849)

MARC details
000 -LEADER
fixed length control field 00928cam a22002771i 4500
001 - CONTROL NUMBER
control field 7849
003 - CONTROL NUMBER IDENTIFIER
rucl marc code BD-RjUL
005 - DATE AND TIME OF LATEST TRANSACTION
control field 20211208234503.0
008 - FIXED-LENGTH DATA ELEMENTS--GENERAL INFORMATION
fixed length control field 140116r19681964ilu b 001 1 eng
020 ## - INTERNATIONAL STANDARD BOOK NUMBER
International Standard Book Number 0226105091
-- 0226105105
035 ## - SYSTEM CONTROL NUMBER
System control number (BD-RjUL)7893
System control number (OCoLC)4019510
040 ## - CATALOGING SOURCE
Original cataloging agency DLC
Transcribing agency TxCM
Modifying agency OCoLC
-- ODaWU
-- OCoLC
-- DLC
-- BD-RjUL
Language of cataloging eng
041 1# - LANGUAGE CODE
Language code of text/sound track or separate title engnor
082 04 - DEWEY DECIMAL CLASSIFICATION NUMBER
Edition number 22
Classification number 398.245
Author mark and year FOL 1968
245 10 - TITLE STATEMENT
Title Folktales of Norway /
Statement of responsibility, etc. edited by Reidar Christiansen ; translated by Pat Shaw Iversen ; foreword by Richard M. Dorson.
260 ## - PUBLICATION, DISTRIBUTION, ETC. (IMPRINT)
Place of publication, distribution, etc. Chicago :
Name of publisher, distributor, etc. University of Chicago Press,
Date of publication, distribution, etc. 1964 [impression 1968].
300 ## - PHYSICAL DESCRIPTION
Pagination xlix, 284 p. ;
Size 23 cm.
490 0# - SERIES STATEMENT
Series statement Folktales of the world
504 ## - BIBLIOGRAPHY, ETC. NOTE
Bibliography, etc Includes Bibliographical reference and indexes.
650 #0 - SUBJECT ADDED ENTRY--TOPICAL TERM
Topical term or geographic name as entry element Tales
Geographic subdivision Norway.
9 (RLIN) 24480
700 1# - ADDED ENTRY--PERSONAL NAME
Personal name Christiansen, Reidar Thorwalf,
942 ## - ADDED ENTRY ELEMENTS (KOHA)
Source of classification or shelving scheme Dewey Decimal Classification
Koha item type Books
Holdings
Lost status Source of classification or shelving scheme Damaged status Not for loan Collection code Permanent Location Current Location Shelving location Date acquired Source of acquisition Cost, normal purchase price Total Checkouts Full call number Date last seen Copy number Koha item type
  Dewey Decimal Classification   Not For Loan Non-fiction Central Library, University of Rajshahi Central Library, University of Rajshahi   21/09/1970 Zeitlinger 32.00   398.245 FOL 1968 16/01/2014 C-1 Books